[Event "DVM U20 2021"]
[Site "Kiel GER"]
[Date "2022.07.23"]
[Round "1"]
[White "Klugstedt, Vincent"]
[Black "Alexandrov, Dimitri"]
[Result "1/2-1/2"]
[Termination "normal"]
[Board "3.6"]
[WhiteElo "1877"]
[BlackElo "1785"]
[WhiteClock "00:36:39"]
[BlackClock "00:00:33"]
[WhiteTeam "Schachgesellschaft Bochum 1931"]
[BlackTeam "FC Ergolding 1932 e.V."]
[PlyCount "119"]
[WhiteFideId "16216393"]
[BlackFideId "16249798"]
[EventCountry "GER"]
[EventRounds "7"]
[EventType "team-swiss"]
[EventDate "2022.07.22"]

1. d4 {[%clk 01:30:57]} {[%emt 00:00:03]} Nf6 {[%clk 01:30:50]} {[%emt
00:00:10]} 2. c4 {[%clk 01:31:07]} {[%emt 00:00:20]} e6 {[%clk 01:28:22]}
{[%emt 00:02:57]} 3. Nf3 {[%clk 01:31:20]} {[%emt 00:00:17]} d5 {[%clk
01:27:52]} {[%emt 00:01:01]} 4. Nc3 {[%clk 01:30:50]} {[%emt 00:01:00]} Be7
{[%clk 01:25:27]} {[%emt 00:02:54]} 5. Bf4 {[%clk 01:29:47]} {[%emt 00:01:33]}
O-O {[%clk 01:24:35]} {[%emt 00:01:23]} 6. e3 {[%clk 01:29:53]} {[%emt
00:00:24]} a6 {[%clk 01:05:37]} {[%emt 00:19:27]} 7. c5 {[%clk 01:27:17]}
{[%emt 00:03:06]} b6 {[%clk 00:59:44]} {[%emt 00:06:24]} 8. b4 {[%clk
01:26:29]} {[%emt 00:01:17]} Bb7 {[%clk 00:58:46]} {[%emt 00:01:29]} 9. Bd3
{[%clk 01:23:15]} {[%emt 00:03:44]} Ne4 {[%clk 00:53:17]} {[%emt 00:05:59]} 10.
Qc2 {[%clk 01:21:47]} {[%emt 00:01:57]} f5 {[%clk 00:51:05]} {[%emt 00:02:42]}
11. h3 {[%clk 01:11:53]} {[%emt 00:10:24]} Nc6 {[%clk 00:46:35]} {[%emt
00:05:00]} 12. a3 {[%clk 01:11:51]} {[%emt 00:00:31]} Rc8 {[%clk 00:46:15]}
{[%emt 00:00:51]} 13. Ne5 {[%clk 01:09:02]} {[%emt 00:03:20]} Nxe5 {[%clk
00:44:18]} {[%emt 00:02:26]} 14. Bxe5 {[%clk 01:03:26]} {[%emt 00:06:06]} Bf6
{[%clk 00:42:58]} {[%emt 00:01:51]} 15. c6 {[%clk 00:56:57]} {[%emt 00:06:58]}
Bxc6 {[%clk 00:35:33]} {[%emt 00:07:55]} 16. Nxe4 {[%clk 00:54:14]} {[%emt
00:03:13]} fxe4 {[%clk 00:34:26]} {[%emt 00:01:37]} 17. Bxa6 {[%clk 00:54:03]}
{[%emt 00:00:40]} Ra8 {[%clk 00:28:31]} {[%emt 00:06:26]} 18. Qxc6 {[%clk
00:53:22]} {[%emt 00:01:11]} Rxa6 {[%clk 00:28:46]} {[%emt 00:00:15]} 19. Bxc7
{[%clk 00:52:23]} {[%emt 00:01:29]} Qc8 {[%clk 00:26:32]} {[%emt 00:02:44]} 20.
b5 {[%clk 00:47:15]} {[%emt 00:05:38]} Rf7 {[%clk 00:21:52]} {[%emt 00:05:10]}
21. bxa6 {[%clk 00:42:41]} {[%emt 00:05:04]} Rxc7 {[%clk 00:22:12]} {[%emt
00:00:10]} 22. Qa4 {[%clk 00:42:53]} {[%emt 00:00:18]} Rc1+ {[%clk 00:22:23]}
{[%emt 00:00:20]} 23. Rxc1 {[%clk 00:37:56]} {[%emt 00:05:27]} Qxc1+ {[%clk
00:22:43]} {[%emt 00:00:10]} 24. Qd1 {[%clk 00:38:20]} {[%emt 00:00:05]} Qxa3
{[%clk 00:22:32]} {[%emt 00:00:41]} 25. O-O {[%clk 00:38:16]} {[%emt 00:00:34]}
Qxa6 {[%clk 00:22:36]} {[%emt 00:00:26]} 26. Qh5 {[%clk 00:36:39]} {[%emt
00:02:07]} Qc8 {[%clk 00:19:44]} {[%emt 00:03:22]} 27. Rb1 {[%clk 00:36:06]}
{[%emt 00:01:03]} Qc6 {[%clk 00:16:20]} {[%emt 00:03:54]} 28. Rxb6 {[%clk
00:36:14]} {[%emt 00:00:22]} Qc1+ {[%clk 00:16:29]} {[%emt 00:00:21]} 29. Kh2
{[%clk 00:36:32]} {[%emt 00:00:12]} Qc7+ {[%clk 00:16:47]} {[%emt 00:00:11]}
30. g3 {[%clk 00:35:06]} {[%emt 00:01:56]} g6 {[%clk 00:17:05]} {[%emt
00:00:13]} 31. Rxe6 {[%clk 00:34:57]} {[%emt 00:00:38]} gxh5 {[%clk 00:17:13]}
{[%emt 00:00:23]} 32. Rxf6 {[%clk 00:35:16]} {[%emt 00:00:12]} h4 {[%clk
00:16:36]} {[%emt 00:01:06]} 33. Rf4 {[%clk 00:35:11]} {[%emt 00:00:34]} hxg3+
{[%clk 00:16:37]} {[%emt 00:00:30]} 34. Kxg3 {[%clk 00:35:12]} {[%emt
00:00:28]} Kg7 {[%clk 00:16:39]} {[%emt 00:00:29]} 35. Kg4 {[%clk 00:32:35]}
{[%emt 00:03:07]} Kg6 {[%clk 00:16:42]} {[%emt 00:00:28]} 36. h4 {[%clk
00:32:33]} {[%emt 00:00:31]} h5+ {[%clk 00:12:17]} {[%emt 00:04:56]} 37. Kg3
{[%clk 00:32:48]} {[%emt 00:00:14]} Qc1 {[%clk 00:10:14]} {[%emt 00:02:32]} 38.
Kg2 {[%clk 00:32:56]} {[%emt 00:00:23]} Qd1 {[%clk 00:10:24]} {[%emt 00:00:19]}
39. Kh2 {[%clk 00:32:59]} {[%emt 00:00:26]} Qf1 {[%clk 00:10:32]} {[%emt
00:00:23]} 40. Rf8 {[%clk 00:33:06]} {[%emt 00:00:23]} Qb5 {[%clk 00:09:18]}
{[%emt 00:01:45]} 41. Rf4 {[%clk 00:33:14]} {[%emt 00:00:22]} Qb8 {[%clk
00:09:19]} {[%emt 00:00:29]} 42. Kg3 {[%clk 00:33:34]} {[%emt 00:00:10]} Qd6
{[%clk 00:09:27]} {[%emt 00:00:21]} 43. Kg2 {[%clk 00:33:52]} {[%emt 00:00:13]}
Qe6 {[%clk 00:07:35]} {[%emt 00:02:23]} 44. Kg3 {[%clk 00:34:02]} {[%emt
00:00:19]} Kg7 {[%clk 00:07:05]} {[%emt 00:01:00]} 45. Kg2 {[%clk 00:34:01]}
{[%emt 00:00:31]} Qg6+ {[%clk 00:07:10]} {[%emt 00:00:24]} 46. Kh2 {[%clk
00:33:59]} {[%emt 00:00:32]} Kg8 {[%clk 00:07:07]} {[%emt 00:00:34]} 47. Kh1
{[%clk 00:34:17]} {[%emt 00:00:12]} Kh7 {[%clk 00:06:08]} {[%emt 00:01:30]} 48.
Kh2 {[%clk 00:34:39]} {[%emt 00:00:08]} Kh6 {[%clk 00:06:11]} {[%emt 00:00:27]}
49. Kh1 {[%clk 00:34:56]} {[%emt 00:00:12]} Qg7 {[%clk 00:03:14]} {[%emt
00:03:26]} 50. Kh2 {[%clk 00:35:14]} {[%emt 00:00:13]} Qd7 {[%clk 00:02:51]}
{[%emt 00:00:52]} 51. Kg3 {[%clk 00:35:17]} {[%emt 00:00:27]} Qc6 {[%clk
00:02:45]} {[%emt 00:00:37]} 52. Kg2 {[%clk 00:35:28]} {[%emt 00:00:19]} Qc2
{[%clk 00:02:06]} {[%emt 00:01:08]} 53. Rf6+ {[%clk 00:35:31]} {[%emt
00:00:28]} Kg7 {[%clk 00:02:07]} {[%emt 00:00:29]} 54. Rf5 {[%clk 00:35:49]}
{[%emt 00:00:11]} Qe2 {[%clk 00:01:57]} {[%emt 00:00:41]} 55. Rf4 {[%clk
00:36:07]} {[%emt 00:00:12]} Kg6 {[%clk 00:02:06]} {[%emt 00:00:21]} 56. Kg3
{[%clk 00:36:09]} {[%emt 00:00:28]} Qf1 {[%clk 00:01:45]} {[%emt 00:00:51]} 57.
Kh2 {[%clk 00:36:29]} {[%emt 00:00:10]} Kg7 {[%clk 00:01:56]} {[%emt 00:00:20]}
58. Rf5 {[%clk 00:36:50]} {[%emt 00:00:08]} Qe2 {[%clk 00:01:05]} {[%emt
00:01:21]} 59. Rf4 {[%clk 00:36:38]} {[%emt 00:00:42]} Kg6 {[%clk 00:00:33]}
{[%emt 00:01:02]} 60. Kg2 {[%clk 00:36:39]} {[%emt 00:00:27]} 1/2-1/2

[Event "DVM U20 2021"]
[Site "Kiel GER"]
[Date "2022.07.23"]
[Round "1"]
[White "Elier, Ali"]
[Black "Irkilmez, Yakub"]
[Result "0-1"]
[Termination "normal"]
[Board "4.1"]
[WhiteElo "2144"]
[BlackElo "2119"]
[WhiteClock "00:41:23"]
[BlackClock "00:02:44"]
[WhiteTeam "Schachfreunde Brackel 1930 e. V."]
[BlackTeam "Schachfreunde Essen-Katernberg 04/32 e. V."]
[PlyCount "44"]
[WhiteFideId "16217543"]
[BlackFideId "16204581"]
[EventCountry "GER"]
[EventRounds "7"]
[EventType "team-swiss"]
[EventDate "2022.07.22"]

1. e4 {[%clk 01:30:57]} {[%emt 00:00:02]} e6 {[%clk 01:30:42]} {[%emt
00:00:17]} 2. d4 {[%clk 01:31:25]} {[%emt 00:00:04]} d5 {[%clk 01:31:05]}
{[%emt 00:00:07]} 3. Nd2 {[%clk 01:31:51]} {[%emt 00:00:05]} c5 {[%clk
01:31:26]} {[%emt 00:00:08]} 4. exd5 {[%clk 01:32:17]} {[%emt 00:00:05]} Qxd5
{[%clk 01:31:43]} {[%emt 00:00:12]} 5. Ngf3 {[%clk 01:32:43]} {[%emt 00:00:04]}
cxd4 {[%clk 01:32:04]} {[%emt 00:00:09]} 6. Bc4 {[%clk 01:33:08]} {[%emt
00:00:05]} Qd7 {[%clk 01:32:27]} {[%emt 00:00:06]} 7. O-O {[%clk 01:33:31]}
{[%emt 00:00:08]} Nc6 {[%clk 01:31:36]} {[%emt 00:01:21]} 8. Nb3 {[%clk
01:33:45]} {[%emt 00:00:16]} a6 {[%clk 01:30:53]} {[%emt 00:01:12]} 9. Nbxd4
{[%clk 01:33:38]} {[%emt 00:00:37]} Nxd4 {[%clk 01:31:16]} {[%emt 00:00:07]}
10. Nxd4 {[%clk 01:34:02]} {[%emt 00:00:06]} Qc7 {[%clk 01:31:36]} {[%emt
00:00:10]} 11. Bb3 {[%clk 01:33:59]} {[%emt 00:00:34]} Bd6 {[%clk 01:31:30]}
{[%emt 00:00:36]} 12. Re1 {[%clk 01:33:34]} {[%emt 00:00:55]} Ne7 {[%clk
01:29:07]} {[%emt 00:02:52]} 13. h3 {[%clk 01:12:46]} {[%emt 00:21:18]} O-O
{[%clk 01:28:46]} {[%emt 00:00:52]} 14. c3 {[%clk 01:10:21]} {[%emt 00:02:55]}
Ng6 {[%clk 00:54:58]} {[%emt 00:34:17]} 15. Be3 {[%clk 01:03:44]} {[%emt
00:07:07]} b6 {[%clk 00:40:58]} {[%emt 00:14:31]} 16. Qh5 {[%clk 00:54:52]}
{[%emt 00:09:22]} Bb7 {[%clk 00:32:17]} {[%emt 00:09:11]} 17. Rad1 {[%clk
00:53:23]} {[%emt 00:01:58]} Rad8 {[%clk 00:30:46]} {[%emt 00:02:02]} 18. Bg5
{[%clk 00:51:49]} {[%emt 00:02:04]} Qc5 {[%clk 00:21:23]} {[%emt 00:09:52]} 19.
Nxe6 {[%clk 00:41:17]} {[%emt 00:11:03]} fxe6 {[%clk 00:21:10]} {[%emt
00:00:43]} 20. Bxe6+ {[%clk 00:40:54]} {[%emt 00:00:53]} Kh8 {[%clk 00:21:32]}
{[%emt 00:00:07]} 21. Rd4 {[%clk 00:41:08]} {[%emt 00:00:16]} Rde8 {[%clk
00:04:05]} {[%emt 00:17:57]} 22. Qxg6 {[%clk 00:41:23]} {[%emt 00:00:15]} Qxd4
{[%clk 00:02:44]} {[%emt 00:01:51]} 0-1

[Event "DVM U20 2021"]
[Site "Kiel GER"]
[Date "2022.07.23"]
[Round "1"]
[White "Gorainow, Nikita"]
[Black "Garbuz, Vitaliy"]
[Result "0-1"]
[Termination "normal"]
[Board "4.2"]
[WhiteElo "1987"]
[BlackElo "2088"]
[WhiteClock "00:02:07"]
[BlackClock "00:17:57"]
[WhiteTeam "Schachfreunde Essen-Katernberg 04/32 e. V."]
[BlackTeam "Schachfreunde Brackel 1930 e. V."]
[PlyCount "98"]
[WhiteFideId "12970093"]
[BlackFideId "12990710"]
[EventCountry "GER"]
[EventRounds "7"]
[EventType "team-swiss"]
[EventDate "2022.07.22"]

1. e4 {[%clk 01:30:56]} {[%emt 00:00:03]} c5 {[%clk 01:30:49]} {[%emt
00:00:11]} 2. Nf3 {[%clk 01:31:19]} {[%emt 00:00:07]} Nc6 {[%clk 01:31:13]}
{[%emt 00:00:04]} 3. g3 {[%clk 01:31:18]} {[%emt 00:00:33]} g6 {[%clk
01:29:15]} {[%emt 00:02:28]} 4. Bg2 {[%clk 01:31:39]} {[%emt 00:00:09]} Bg7
{[%clk 01:29:21]} {[%emt 00:00:23]} 5. O-O {[%clk 01:31:46]} {[%emt 00:00:23]}
d6 {[%clk 01:27:44]} {[%emt 00:02:07]} 6. c3 {[%clk 01:30:54]} {[%emt
00:01:23]} e5 {[%clk 01:16:49]} {[%emt 00:11:25]} 7. d3 {[%clk 01:24:39]}
{[%emt 00:06:45]} Nge7 {[%clk 01:16:05]} {[%emt 00:01:14]} 8. a3 {[%clk
01:14:30]} {[%emt 00:10:39]} a5 {[%clk 01:08:35]} {[%emt 00:07:59]} 9. Nbd2
{[%clk 01:03:18]} {[%emt 00:11:43]} a4 {[%clk 01:07:31]} {[%emt 00:01:33]} 10.
b4 {[%clk 00:59:40]} {[%emt 00:04:08]} axb3 {[%clk 01:07:20]} {[%emt 00:00:42]}
11. Qxb3 {[%clk 00:58:45]} {[%emt 00:01:25]} O-O {[%clk 01:01:44]} {[%emt
00:06:05]} 12. Nc4 {[%clk 00:53:38]} {[%emt 00:05:37]} Na5 {[%clk 00:53:46]}
{[%emt 00:08:27]} 13. Nxa5 {[%clk 00:53:25]} {[%emt 00:00:44]} Qxa5 {[%clk
00:53:56]} {[%emt 00:00:19]} 14. Bg5 {[%clk 00:47:05]} {[%emt 00:06:52]} Nc6
{[%clk 00:53:15]} {[%emt 00:01:10]} 15. Rfb1 {[%clk 00:32:19]} {[%emt
00:15:17]} h6 {[%clk 00:50:23]} {[%emt 00:03:21]} 16. Be3 {[%clk 00:32:07]}
{[%emt 00:00:44]} Ra7 {[%clk 00:47:32]} {[%emt 00:03:19]} 17. Nd2 {[%clk
00:30:08]} {[%emt 00:02:30]} Be6 {[%clk 00:47:11]} {[%emt 00:00:49]} 18. Nc4
{[%clk 00:27:25]} {[%emt 00:03:15]} Qa6 {[%clk 00:46:24]} {[%emt 00:01:15]} 19.
Qb5 {[%clk 00:16:24]} {[%emt 00:11:32]} Qxb5 {[%clk 00:43:16]} {[%emt
00:03:39]} 20. Rxb5 {[%clk 00:16:47]} {[%emt 00:00:07]} Bxc4 {[%clk 00:43:18]}
{[%emt 00:00:27]} 21. dxc4 {[%clk 00:17:14]} {[%emt 00:00:03]} Rfa8 {[%clk
00:43:01]} {[%emt 00:00:46]} 22. Bc1 {[%clk 00:11:24]} {[%emt 00:06:22]} Na5
{[%clk 00:38:35]} {[%emt 00:04:54]} 23. Bf1 {[%clk 00:11:01]} {[%emt 00:00:54]}
h5 {[%clk 00:28:57]} {[%emt 00:10:08]} 24. Rab1 {[%clk 00:09:17]} {[%emt
00:02:15]} Kh7 {[%clk 00:27:27]} {[%emt 00:01:59]} 25. Bg5 {[%clk 00:05:28]}
{[%emt 00:04:20]} f6 {[%clk 00:24:23]} {[%emt 00:03:33]} 26. Be3 {[%clk
00:05:49]} {[%emt 00:00:10]} Bh6 {[%clk 00:23:33]} {[%emt 00:01:20]} 27. f4
{[%clk 00:04:45]} {[%emt 00:01:34]} exf4 {[%clk 00:22:50]} {[%emt 00:01:12]}
28. gxf4 {[%clk 00:05:12]} {[%emt 00:00:04]} Re8 {[%clk 00:18:29]} {[%emt
00:04:50]} 29. Bd3 {[%clk 00:05:29]} {[%emt 00:00:14]} f5 {[%clk 00:08:07]}
{[%emt 00:10:51]} 30. e5 {[%clk 00:05:52]} {[%emt 00:00:07]} Rxe5 {[%clk
00:08:20]} {[%emt 00:00:17]} 31. fxe5 {[%clk 00:05:35]} {[%emt 00:00:48]} Bxe3+
{[%clk 00:08:43]} {[%emt 00:00:06]} 32. Kf1 {[%clk 00:05:42]} {[%emt 00:00:23]}
dxe5 {[%clk 00:09:00]} {[%emt 00:00:13]} 33. Ke2 {[%clk 00:03:55]} {[%emt
00:02:18]} Bf4 {[%clk 00:08:40]} {[%emt 00:00:49]} 34. Rxc5 {[%clk 00:02:07]}
{[%emt 00:02:18]} e4 {[%clk 00:08:28]} {[%emt 00:00:41]} 35. Bc2 {[%clk
00:02:29]} {[%emt 00:00:09]} Bxh2 {[%clk 00:08:03]} {[%emt 00:00:55]} 36. Rc8
{[%clk 00:02:41]} {[%emt 00:00:18]} Be5 {[%clk 00:06:46]} {[%emt 00:01:46]} 37.
Ba4 {[%clk 00:01:39]} {[%emt 00:01:33]} h4 {[%clk 00:01:11]} {[%emt 00:06:05]}
38. Be8 {[%emt 00:00:53]} Ra6 {[%clk 00:00:57]} {[%emt 00:00:43]} 39. Rh1
{[%clk 00:00:58]} {[%emt 00:00:49]} Bg3 {[%clk 00:00:35]} {[%emt 00:00:52]} 40.
Rc5 {[%clk 00:00:42]} {[%emt 00:00:46]} Nb3 {[%clk 00:00:32]} {[%emt 00:00:33]}
41. Rb5 {[%clk 00:00:50]} {[%emt 00:00:23]} Rxa3 {[%clk 00:28:09]} {[%emt
00:02:52]} 42. Rxb7+ {[%clk 00:31:11]} {[%emt 00:00:08]} Kh6 {[%clk 00:28:33]}
{[%emt 00:00:07]} 43. Rd1 {[%clk 00:10:11]} {[%emt 00:21:31]} Ra2+ {[%clk
00:28:22]} {[%emt 00:00:40]} 44. Kf1 {[%clk 00:10:22]} {[%emt 00:00:20]} Rf2+
{[%clk 00:18:41]} {[%emt 00:10:10]} 45. Kg1 {[%clk 00:08:33]} {[%emt 00:02:18]}
Nd2 {[%clk 00:19:05]} {[%emt 00:00:06]} 46. Rxd2 {[%clk 00:07:59]} {[%emt
00:01:06]} Rxd2 {[%clk 00:19:24]} {[%emt 00:00:09]} 47. Rb1 {[%clk 00:03:22]}
{[%emt 00:05:08]} e3 {[%clk 00:18:05]} {[%emt 00:01:49]} 48. c5 {[%clk
00:02:07]} {[%emt 00:01:44]} e2 {[%clk 00:17:34]} {[%emt 00:01:02]} 49. c6
{[%clk 00:02:07]} {[%emt 00:00:30]} Rd1+ {[%clk 00:17:57]} {[%emt 00:00:06]}
0-1

[Event "DVM U20 2021"]
[Site "Kiel GER"]
[Date "2022.07.23"]
[Round "1"]
[White "Kracht, Raphael"]
[Black "Gallas, Noel"]
[Result "1-0"]
[Termination "normal"]
[Board "4.3"]
[WhiteElo "2045"]
[BlackElo "1905"]
[WhiteClock "00:01:50"]
[BlackClock "00:00:39"]
[WhiteTeam "Schachfreunde Brackel 1930 e. V."]
[BlackTeam "Schachfreunde Essen-Katernberg 04/32 e. V."]
[PlyCount "111"]
[WhiteFideId "16214382"]
[BlackFideId "16216059"]
[EventCountry "GER"]
[EventRounds "7"]
[EventType "team-swiss"]
[EventDate "2022.07.22"]

1. e4 {[%clk 01:30:57]} {[%emt 00:00:02]} e6 {[%clk 01:30:46]} {[%emt
00:00:15]} 2. d4 {[%clk 01:28:59]} {[%emt 00:02:28]} d5 {[%clk 01:31:08]}
{[%emt 00:00:08]} 3. Nd2 {[%clk 01:29:25]} {[%emt 00:00:04]} c5 {[%clk
01:31:03]} {[%emt 00:00:35]} 4. exd5 {[%clk 01:29:51]} {[%emt 00:00:04]} Qxd5
{[%clk 01:31:20]} {[%emt 00:00:13]} 5. Ngf3 {[%clk 01:30:12]} {[%emt 00:00:08]}
cxd4 {[%clk 01:31:31]} {[%emt 00:00:19]} 6. Bc4 {[%clk 01:30:38]} {[%emt
00:00:05]} Qd7 {[%clk 01:31:35]} {[%emt 00:00:26]} 7. O-O {[%clk 01:31:01]}
{[%emt 00:00:06]} Nc6 {[%clk 01:29:17]} {[%emt 00:02:48]} 8. Nb3 {[%clk
01:31:26]} {[%emt 00:00:05]} a6 {[%clk 01:28:14]} {[%emt 00:01:34]} 9. Nbxd4
{[%clk 01:31:15]} {[%emt 00:00:41]} Nxd4 {[%clk 01:28:04]} {[%emt 00:00:40]}
10. Nxd4 {[%clk 01:31:39]} {[%emt 00:00:05]} Qc7 {[%clk 01:28:03]} {[%emt
00:00:32]} 11. Bb3 {[%clk 01:23:07]} {[%emt 00:09:01]} Bd6 {[%clk 01:24:36]}
{[%emt 00:03:57]} 12. h3 {[%clk 01:10:06]} {[%emt 00:13:32]} Ne7 {[%clk
01:11:51]} {[%emt 00:13:14]} 13. c3 {[%clk 01:06:34]} {[%emt 00:04:02]} O-O
{[%clk 00:37:28]} {[%emt 00:34:52]} 14. Qh5 {[%clk 00:59:59]} {[%emt 00:07:06]}
Ng6 {[%clk 00:20:36]} {[%emt 00:17:22]} 15. Bc2 {[%clk 00:55:13]} {[%emt
00:05:16]} b6 {[%clk 00:17:11]} {[%emt 00:03:55]} 16. Nf3 {[%clk 00:48:39]}
{[%emt 00:07:05]} Qc5 {[%clk 00:10:20]} {[%emt 00:07:20]} 17. Qxc5 {[%clk
00:39:54]} {[%emt 00:09:15]} Bxc5 {[%clk 00:08:34]} {[%emt 00:02:16]} 18. Be4
{[%clk 00:36:51]} {[%emt 00:03:33]} Rb8 {[%clk 00:06:55]} {[%emt 00:02:09]} 19.
Rd1 {[%clk 00:30:21]} {[%emt 00:07:00]} Bb7 {[%clk 00:04:51]} {[%emt 00:02:34]}
20. Bxb7 {[%clk 00:29:49]} {[%emt 00:01:02]} Rxb7 {[%clk 00:05:16]} {[%emt
00:00:05]} 21. Ng5 {[%clk 00:24:35]} {[%emt 00:05:44]} Rbb8 {[%clk 00:01:35]}
{[%emt 00:04:11]} 22. Kf1 {[%clk 00:11:45]} {[%emt 00:13:19]} Rfd8 {[%clk
00:01:25]} {[%emt 00:00:41]} 23. Rxd8+ {[%clk 00:11:56]} {[%emt 00:00:19]} Rxd8
{[%clk 00:01:51]} {[%emt 00:00:04]} 24. Ke2 {[%clk 00:12:13]} {[%emt 00:00:12]}
Ne5 {[%clk 00:01:37]} {[%emt 00:00:45]} 25. Ne4 {[%clk 00:07:05]} {[%emt
00:05:38]} Nd3 {[%clk 00:00:46]} {[%emt 00:01:20]} 26. Nxc5 {[%clk 00:05:59]}
{[%emt 00:01:37]} bxc5 {[%clk 00:00:41]} {[%emt 00:00:35]} 27. b3 {[%clk
00:05:26]} {[%emt 00:01:03]} Rd5 {[%clk 00:00:41]} {[%emt 00:00:30]} 28. Be3
{[%clk 00:05:41]} {[%emt 00:00:15]} e5 {[%clk 00:00:41]} {[%emt 00:00:31]} 29.
c4 {[%clk 00:02:51]} {[%emt 00:03:19]} Rd7 {[%clk 00:00:57]} {[%emt 00:00:14]}
30. Rd1 {[%clk 00:00:54]} {[%emt 00:02:27]} e4 {[%clk 00:01:23]} {[%emt
00:00:04]} 31. g4 {[%clk 00:00:56]} {[%emt 00:00:28]} f6 {[%clk 00:01:02]}
{[%emt 00:00:51]} 32. f3 {[%clk 00:01:03]} {[%emt 00:00:23]} exf3+ {[%clk
00:00:59]} {[%emt 00:00:33]} 33. Kxf3 {[%clk 00:01:30]} {[%emt 00:00:03]} Ne5+
{[%clk 00:00:51]} {[%emt 00:00:39]} 34. Ke2 {[%clk 00:01:55]} {[%emt 00:00:04]}
Rxd1 {[%clk 00:01:06]} {[%emt 00:00:15]} 35. Kxd1 {[%clk 00:02:23]} {[%emt
00:00:03]} Nd7 {[%clk 00:01:26]} {[%emt 00:00:10]} 36. Kd2 {[%clk 00:01:57]}
{[%emt 00:00:55]} Kf7 {[%clk 00:00:48]} {[%emt 00:01:08]} 37. Kc3 {[%clk
00:02:15]} {[%emt 00:00:12]} a5 {[%clk 00:00:45]} {[%emt 00:00:33]} 38. Bf4
{[%clk 00:01:37]} {[%emt 00:01:09]} Ne5 {[%clk 00:00:47]} {[%emt 00:00:28]} 39.
Be3 {[%clk 00:02:04]} {[%emt 00:00:03]} Nd7 {[%clk 00:01:02]} {[%emt 00:00:15]}
40. Kd3 {[%clk 00:01:29]} {[%emt 00:01:05]} Ke6 {[%clk 00:01:03]} {[%emt
00:00:28]} 41. Ke2 {[%clk 00:23:03]} {[%emt 00:08:57]} Ke5 {[%clk 00:15:58]}
{[%emt 00:15:35]} 42. a4 {[%clk 00:21:40]} {[%emt 00:01:52]} Ke4 {[%clk
00:07:43]} {[%emt 00:08:45]} 43. Bd2 {[%clk 00:21:34]} {[%emt 00:00:36]} Nb8
{[%clk 00:03:27]} {[%emt 00:04:45]} 44. Bxa5 {[%clk 00:21:55]} {[%emt
00:00:09]} f5 {[%clk 00:02:41]} {[%emt 00:01:16]} 45. gxf5 {[%clk 00:13:09]}
{[%emt 00:09:17]} Kxf5 {[%clk 00:02:41]} {[%emt 00:00:30]} 46. Bb6 {[%clk
00:10:20]} {[%emt 00:03:18]} Na6 {[%clk 00:03:07]} {[%emt 00:00:05]} 47. a5
{[%clk 00:10:47]} {[%emt 00:00:04]} Ke4 {[%clk 00:02:50]} {[%emt 00:00:46]} 48.
Bd8 {[%clk 00:01:51]} {[%emt 00:09:25]} Kd4 {[%clk 00:01:33]} {[%emt 00:01:48]}
49. Kd2 {[%clk 00:02:18]} {[%emt 00:00:03]} Nb4 {[%clk 00:00:50]} {[%emt
00:01:13]} 50. Bh4 {[%clk 00:02:28]} {[%emt 00:00:19]} Na6 {[%clk 00:00:59]}
{[%emt 00:00:22]} 51. Bf2+ {[%clk 00:02:41]} {[%emt 00:00:17]} Ke4 {[%clk
00:01:26]} {[%emt 00:00:04]} 52. Kc3 {[%clk 00:02:19]} {[%emt 00:00:51]} g5
{[%clk 00:01:35]} {[%emt 00:00:20]} 53. Bxc5 {[%clk 00:01:09]} {[%emt
00:01:41]} Nxc5 {[%clk 00:02:02]} {[%emt 00:00:04]} 54. b4 {[%clk 00:01:34]}
{[%emt 00:00:04]} Nd7 {[%clk 00:00:42]} {[%emt 00:01:50]} 55. c5 {[%clk
00:01:24]} {[%emt 00:00:40]} Kd5 {[%clk 00:00:39]} {[%emt 00:00:33]} 56. a6
{[%clk 00:01:50]} {[%emt 00:00:04]} 1-0